000 00608nam a22002417a 4500
003 UA-OsUOA
001 40480
007 ta
008 20060808b un ||||| |||| 00| 0 ukr d
100 _aБойко В. М.
090 _a330.33(038)
_bБ77
942 _cBK
040 _aUA-OsUOA
_bukr
_cUA-OsUOA
_dUA-OsUOA
245 _aБізнес: словник-довідник
300 _a157 с.
955 _a2
041 _aukr
080 _a330.33(038)
020 _a5-319-01343-4
260 _aК.
_bУкраїна
_c1995
650 7 _a330 Економіка взагалі
_2UDC
999 _c326622
_d326622